Państwa Europy z Górami powyżej 2500 m - Statystyki

Ogólne statystyki
  • Ten quiz został rozwiązany 589 razy
    486 od ostatniego zresetowania
  • Średni wynik to 15 z 17
Statystyki odpowiedzi
lp. Wysokość Kraj % Poprawnych
1 4809 m n.p.m. Francja
98%
4 3798 m n.p.m. Austria
97%
5 3479 m n.p.m. Hiszpania
97%
3 4634 m n.p.m. Szwajcaria
97%
2 4809 m n.p.m. Włochy
97%
6 2962 m n.p.m. Niemcy
95%
14 2655 m n.p.m. Słowacja
95%
10 2864 m n.p.m. Słowenia
90%
16 2544 m n.p.m. Rumunia
89%
9 2918 m n.p.m. Grecja
88%
15 2599 m n.p.m. Liechtenstein
85%
8 2925 m n.p.m. Bułgaria
83%
11 2764 m n.p.m. Albania
81%
7 2942 m n.p.m. Andora
80%
12 2764 m n.p.m. Macedonia Północna
79%
17 2534 m n.p.m. Czarnogóra
75%
13 2656 m n.p.m. Kosowo
74%
Nie znaleziono quizów pasujących do podanych kryteriów
Rozkład punktacji
Procent ludzi z każdym wynikiem
Percentyl według liczby udzielonych odpowiedzi
Twoja historia wyników
Nie rozwiązałeś tego quizu od ostatniego zresetowania